00351nam a2200145Ia 4500008004100000041000800041082001400049100001700063245002000080250001100100260004400111300001000155650002100165999001900186230724s2010 xx 000 0 und d aeng a364.3/MAL aMallick M.R. aCriminal Manual a2010Ed aNew DelhibProfessional Book Pub.c2010 a260p. aCRIMINAL MANNUAL c747881d747881